[Event "Wch U12 Girls"]
[Site "Montesilvano"]
[Date "2024.11.16"]
[Round "2"]
[White "Bogomolnikova, Zlata"]
[Black "Petrusic, Dusica"]
[Result "1-0"]
[WhiteElo "1628"]
[BlackElo "1498"]
[PlyCount "57"]
[EventDate "2024.11.15"]
[EventType "swiss"]
[EventRounds "11"]
[EventCountry "ITA"]
[SourceTitle "CB48_2024"]
[SourceDate "2024.11.28"]
[SourceVersion "1"]
[SourceVersionDate "2024.11.28"]
[SourceQuality "1"]

1. d4 d5 2. c4 c6 3. cxd5 cxd5 4. Nc3 Nf6 5. Bf4 Nc6 6. e3 a6 7. Be2 e6 8. Nf3 Bb4 9. 0-0 0-0 10. Rc1 h6 11. a3 Bd6 12. Bxd6 Qxd6 13. h3 Rd8 14. Na4 b5 15. Nc5 Nd7 16. Qd2 Nxc5 17. Rxc5 e5 18. Rfc1 Bb7 19. dxe5 Nxe5 20. Nxe5 Qxe5 21. Rc7 Rab8 22. Qb4 Qd6 23. Qd4 Rd7 24. Qa7 Rc8 25. Rxc8+ Bxc8 26. Rxc8+ Kh7 27. Qd4 Rc7 28. Bd3+ g6 29. Rh8# 1-0